Tiêu chuẩn kỹ thuật bão dưỡng thường xuyên đường bộ 22TCN 306-03

Sparad:
Bibliografiska uppgifter
Institutionell upphovsman: Bộ Giao thông Vận tải
Materialtyp: Bok
Språk:Undetermined
Publicerad: Hà Nội Giao thông vận tải 2005
Ämnen:
Taggar: Lägg till en tagg
Inga taggar, Lägg till första taggen!
Thư viện lưu trữ: Trung tâm Học liệu Trường Đại học Cần Thơ
LEADER 00675nam a2200205Ia 4500
001 CTU_96548
008 210402s9999 xx 000 0 und d
020 |c 15000 
082 |a 343.597093 
082 |b B450 
110 |a Bộ Giao thông Vận tải 
245 0 |a Tiêu chuẩn kỹ thuật bão dưỡng thường xuyên đường bộ 22TCN 306-03 
245 0 |c Bộ Giao thông Vận tải 
260 |a Hà Nội 
260 |b Giao thông vận tải 
260 |c 2005 
650 |a Traffic regulation,Traffic safety 
650 |z Vietnam,Vietnam 
904 |i Tuyến 
980 |a Trung tâm Học liệu Trường Đại học Cần Thơ